| 000 | 01044cam a2200265 a 4500 | ||
|---|---|---|---|
| 001 | 1462 | ||
| 005 | 20230908150032.0 | ||
| 020 | _a090129003990 | ||
| 040 |
_aDLC _cDLC _dDLC _beng |
||
| 050 | 0 | 0 | _aPZ7.O81167 |
| 082 | 0 | 0 |
_aFic _222 |
| 100 | 1 | _aOsborne, Mary Pope. | |
| 245 | 1 | 0 |
_aAmerican Revolution : _ba nonfiction companion to Magic tree house #22 : Revolutionary War on Wednesday / _cby Mary Pope Osborne and Natalie Pope Boyce ; illustrated by Sal Murdocca. |
| 260 |
_aNew York : _bRandom House, _c2011. |
||
| 300 |
_a69 pages : _billustrations ; _c20 cm |
||
| 490 |
_aMagic Tree House _vBook 22 |
||
| 500 | _a"A stepping stone book." | ||
| 505 | _aI | ||
| 520 | _aUsing their magic tree house, Jack and Annie travel back to the time of the American Revolution and help General George Washington during his famous crossing of the Delaware River. | ||
| 521 |
_a450
_bLexile |
||
| 521 |
_aI
_bRaz-Plus |
||
| 700 | 1 |
_aMurdocca, Sal. _eillustrator |
|
| 906 |
_a7 _bcbc _corignew _d1 _eecip _f20 _gy-gencatlg |
||
| 942 |
_2ddc _cBK _n0 |
||
| 999 |
_c1462 _d1462 |
||